000 00744nam a2200289Ia 4500
001 36902
005 20240114001913.0
007 ta
008 080611s1974 a g b000 u asm u
040 _aCotton College,Assam
041 _aasm
082 _a940
_bB 469 Ev
100 _aBezbarua, Kokil.
245 0 _aEuropar Buranji: Pratham Khanda /
_cKokil Bezbarua.
_hTextual Documents
250 _a1st ed. /
260 _aGuwahati :
_bGauhati University ,
_c1974.
300 _a221p. :
_bill ;
_c22cm .
653 _aHistory-Europe
653 _aG-History
653 _aT/G-Europe History
653 _aT/G-History
942 _2ddc
_cBK
999 _c36884
_d36884